000 00217nam a22000857a 4500
008 170207b xxu||||| |||| 00| 0 eng d
100 _92793
_aCBSE
245 _aSenior School Curriculum 2014
260 _aNew Delhi
_bCBSE
_c2014
999 _c5990
_d5990